000 00451nam a2200169Ia 4500
008 230711s9999||||xx |||||||||||||| ||und||
020 _a978-93-86478-00-9
041 _aENG
082 _a664
_bSH-T
100 _aSharma,Avantina
245 0 _aTextbook Food Science and Technology
250 _a3rd Ed.
260 _c2017
_aNew Delhi
_bCBS Publishers & Distributors Pvt.Ltd
300 _a342p.
650 _aFood Science and Technology
942 _cBK
999 _c7449
_d7449